00333nam a22001337a 4500003000500000005001700005008004100022038001200063082000600075100001800081245005500099260003500154300001000189NUST20191122122805.0191122b ||||| |||| 00| 0 eng d aMSOHAIL a0 aDr.M.R.Sharma aFundamentals of Construction Planning .......... \ aNew DelhibS.K. Kateriacc2014 ap;234